Las raíces del miedo : antropología del cine de terror /

Guardado en:
Detalles Bibliográficos
Autor principal: Gubern, Román (autor)
Otros autores: Prat Carós, Joan
Formato: Libro
Idioma:Español
Publicado: Barcelona, España : Tusquets, 1979, c1979
Colección:(Cuadernos Infimos ; 86)
Temas:
Etiquetas: Agrega una etiqueta
Sin etiquetas, Sé el primero en etiquetar este registro!

MARC

LEADER 00000nam^a2200000^a^4500
001 000067408
005 20250521000000.0
009 20260310091250.411
020 |a 84-7223-586-6 
037 |a Acervo ITESO - Biblioteca 
041 |a ESP 
082 |a 302. 235220  |b GUB 
100 |a Gubern, Román  |e (autor) 
245 1 4 |a Las raíces del miedo :  |b antropología del cine de terror /  |c R. Gubern, J. Prat Carós. 
264 4 |a Barcelona, España :  |b Tusquets,  |c 1979, c1979 
300 |a 171 p. 
336 |a texto  |b txt  |2 rdacontenido 
337 |a sin mediación  |b n  |2 rdamedio 
338 |a volumen  |b nc  |2 rdasoporte 
440 1 |a (Cuadernos Infimos ;  |v 86) 
649 |a XX 
650 |a Películas de Suspenso y Terror -  |x Historia y Crítica -  |x Tema Principal 
650 |a Cine -  |x Historia y Crítica 
650 |a Miedo 
650 |a Sueño y Dormir 
650 |a Psicología 
650 |a Antropología 
700 |a Prat Carós, Joan 
910 |a Fondo General 
920 |a Impresos - Libros 
930 |a Colección General 
905 |a 101 
901 |a 0500023061  |b IT1  |c ACC  |u 20250521 
902 |a https://opac.biblio.iteso.mx/vufind/Record/000067408